000 00932cam a2200181ua 4500
020 _cRs 1.50
041 _amal
_h
082 _a894.8121
_bKRB/PA
110 1 _aK R Brothers .
_b
_c(Kozhikode, Kerala )
245 _aPanchathanthram /
_cK R Brothers.
_hTextual Documents
250 _a1 /
_b.
260 _aKozhikode :
_bK R Brothers ,
_c1961.
300 _a23 ; .
365 _aRs 1.50
504 _a
942 _cBK
999 _c4054
_d4054